Music Quiz

Random Music or Lyrics Quiz

96.1 Kiss Songs Quiz Stats

 Plays Quiz not verified by Sporcle

Challenge
Share
Tweet
Embed
Score 0/5 Timer 05:00
0 Plays Today
Lyrics Song Title % Correct
Wake up in the Morning feelin' like PDiddyTik Tok
94%
Shawty's like a melody in my headReplay
78%
There's a place downtown, where the freaks all come aroundTake it Off
64%
Shake Me til You wake me from this bad dreamBaby
56%
Life is Such a Fu**ing roller coaster then it drops, but what should i scream for this is my theme parkForever
32%

You're not logged in!

Compare scores with friends on all Sporcle quizzes.
Join for Free
OR
Log In

You Might Also Like...

Show Comments

Extras

Created Apr 25, 2010ReportNominate
Tags:Lyrics Quiz, Song Quiz, kiss

Top Quizzes Today


Score Distribution

Your Account Isn't Verified!

In order to create a playlist on Sporcle, you need to verify the email address you used during registration. Go to your Sporcle Settings to finish the process.

Report this User

Report this user for behavior that violates our Community Guidelines.

Details: